000 01212nam a2200325 a 4500
001 34754
003 BD-RjUL
005 20211209052215.0
008 140519s1982 coua b 001 0 eng
020 _a0891586652 :
020 _a0865312176 (pbk.) :
035 _a(BD-RjUL)34848
040 _aDLC
_cDLC
_dDLC
_dBD-RjUL
_beng
041 _aeng
082 0 0 _a333.7
_219
_bREN 1982
245 0 0 _aRenewable natural resources :
_ba management handbook for the 1980s /
_cedited by Dennis L. Little, Robert E. Dils, and John Gray.
260 _aBoulder, Colo. :
_bWestview Press,
_c1982.
300 _axv, 316 p. :
_bill. ;
_c24 cm.
504 _aIncludes bibliographical references and index.
650 0 _aRenewable natural resources
_xGovernment policy
_zUnited States.
_9105757
650 0 _aConservation of natural resources
_xGovernment policy
_zUnited States.
_9105758
650 0 _aEnergy policy
_zUnited States.
_9105759
700 1 _aLittle, Dennis L.
_9105760
700 1 _aDils, Robert E.
_9105761
700 1 _aGray, John,
_d1920-
_9105762
942 _2ddc
_cBK
999 _c34754
_d34754